00815nam a2200217 a 450000500170000000800410001704000120005804100130007004400080008308200160009124501950010724600670030226000670036930000180043665000370045465000120049165000250050370000280052870000200055670000210057620141203153731.0140121b1998 -ku||||| |||| 00| 0 spa d cCO-BoIH aspaheng axxk04a025.3bW99f00aFormato internacional de transferencias para los registros de plantas en los jardines botánicos :bversión 2 /ccompilado y editado por Diane Wyse Jackson, editado por Christopher Hobson aInternational transfer format for botanic garden plant records aEdimburgo :bBotanic Gardens Conservation International,c1998 a60 p.c28 cm. 6aRegistros biológicosxformatos 6aPlantas 6aJardines botánicos1 aHobson, Christophereed1 aConn, Barryeed1 aWard, Chriseed.